00511nam a2200181 a 4500001001300000003000900013005001700022008004100039020002200080082001300102100002500115245006000140260004700200300000900247500003500256650001300291700002500304nice12345678IN_TiNIC20260116014805.0100713s1972 kola grp 000 0 eng  a9788185301440c5000a200bVID aVidyatmananda, Swami aWhat Religion Isb in the Words of Swami Vivekananda... aKolkata bAdvaita Ashrama Pubs Dept c1972 a337p aincludes index and biblioraphy aReligion1 aVidyatmananda, Swami